| 000 -LEADER |
| fixed length control field |
01705nam a22001457a 4500 |
| 008 - FIXED-LENGTH DATA ELEMENTS--GENERAL INFORMATION |
| fixed length control field |
220131b ||||| |||| 00| 0 eng d |
| 100 ## - MAIN ENTRY--PERSONAL NAME |
| Personal name |
Mallik, Seema |
| 245 ## - TITLE STATEMENT |
| Title |
Poverty and food insecurity in India: Exploring linkages between ownership rights to women famers and food security |
| 260 ## - PUBLICATION, DISTRIBUTION, ETC. (IMPRINT) |
| Place of publication, distribution, etc |
Productivity |
| 300 ## - PHYSICAL DESCRIPTION |
| Extent |
62(1), Apr-Jun, 2021: p.15-23 |
| 520 ## - SUMMARY, ETC. |
| Summary, etc |
Despite rapid economic growth since the 1990s and agricultural reforms, India continues to be home to the largest number of the poor and the hungry in the world. Food security continues to elude large sections of vulnerable population, particularly in rural India. Different welfare schemes that have been initiated have increased their dependency on the government. As agriculture continues to be the backbone of rural economy employing the largest chunk of the population, despite its contribution to the GDP falling, the paper argues that agriculture and its allied activities need to be strengthened not only to feed millions but to ensure self-reliance of rural India. Further, as there is an increase of women-headed households and the feminization of agriculture, empowerment of women is crucial in reducing poverty and dependency in the rural economy while also ensuring food security. In this regard, the paper argues that ownership rights of land and other resources of production to women will empower them socially and economically, and increase their decision-making powers in family and community. These entitlements will build their capabilities and ensure food security, wherein family gets access to food and nutrition. – Reproduced |
| 773 ## - HOST ITEM ENTRY |
| Main entry heading |
Productivity |
| 906 ## - LOCAL DATA ELEMENT F, LDF (RLIN) |
| Subject DIP |
FOOD SECURITY |
| 942 ## - ADDED ENTRY ELEMENTS (KOHA) |
| Item type |
Articles |